000 00412nam a2200181Ia 4500
001 16044
005 20260306170240.0
008 260306t2010||||xx |||||||||||||| ||und||
041 _aESP
082 _a346.53
_bC75
100 _aColeman, Jules L.
_eAUT
245 0 _aRiesgos y daños
260 _c2010
300 _a486 páginas :
_c23 cm.
650 _aGEN
654 _aCDE
942 _cLIB
_dJUS
_fJUS
_2ddc
_n
999 _c16044
_d16044